<?xml version="1.0" encoding="UTF-8"?><?xml-stylesheet type="text/xsl" href="static/style.xsl"?><OAI-PMH xmlns="http://www.openarchives.org/OAI/2.0/" xmlns:xsi="http://www.w3.org/2001/XMLSchema-instance" xsi:schemaLocation="http://www.openarchives.org/OAI/2.0/ http://www.openarchives.org/OAI/2.0/OAI-PMH.xsd"><responseDate>2026-04-19T11:37:59Z</responseDate><request verb="GetRecord" identifier="oai:www.recercat.cat:2072/437838" metadataPrefix="marc">https://recercat.cat/oai/request</request><GetRecord><record><header><identifier>oai:recercat.cat:2072/437838</identifier><datestamp>2024-10-31T03:26:35Z</datestamp><setSpec>com_2072_98</setSpec><setSpec>col_2072_378192</setSpec></header><metadata><record xmlns="http://www.loc.gov/MARC21/slim" xmlns:dcterms="http://purl.org/dc/terms/" xmlns:xsi="http://www.w3.org/2001/XMLSchema-instance" xmlns:doc="http://www.lyncode.com/xoai" xsi:schemaLocation="http://www.loc.gov/MARC21/slim http://www.loc.gov/standards/marcxml/schema/MARC21slim.xsd">
   <leader>00925njm 22002777a 4500</leader>
   <datafield ind2=" " ind1=" " tag="042">
      <subfield code="a">dc</subfield>
   </datafield>
   <datafield ind2=" " ind1=" " tag="720">
      <subfield code="a">Puerta Torres, Carmen</subfield>
      <subfield code="e">author</subfield>
   </datafield>
   <datafield ind2=" " ind1=" " tag="260">
      <subfield code="c">1986</subfield>
   </datafield>
   <datafield ind2=" " ind1=" " tag="520">
      <subfield code="a">Obra ressenyada: Georges FABRE, Marc MAYER, Isabel RODA, Inscriptions romaines de Catalogne I. Barcelone (sauf Barcino). Paris: Centre Pierre Paris, Universitat Autónoma de Barcelona, 1984.</subfield>
   </datafield>
   <datafield ind2="0" ind1="0" tag="245">
      <subfield code="a">Georges Fabre. Marc Mayer. Isabel Roda. Inscriptions romaines de Catalogne I. Barcelone (sauf Barcino). Centre Pierre Paris (vol. 13. Collection de La Maison des Pays Ibériques) et Universitat Autónoma de Barcelona. Diffusíon De Boccard. París 1984. 246 Pp</subfield>
   </datafield>
</record></metadata></record></GetRecord></OAI-PMH>